000 01994nam a2200409 c 4500
001 24782
003 ES-MaCES
005 20180131142521.0
008 121211s2012 sz t i100 | spa d
020 _a9789223244873
020 _a9789223244800 (web pdf)
035 _aCES20120007805m
040 _aES-MaCES
_bspa
_cES-MaCES
111 2 _aConferencia Internacional del Trabajo
_eReunión
_n101ª
_d2012
_cGinebra
_91170
245 1 0 _aInforme de la Comisión de Expertos en Aplicación de Convenios y Recomendaciones
_b: (artículos 19, 22 y 35 de la Constitución) : tercer punto del día, informaciones y memorias sobre la aplicación de convenios y recomendaciones
_cConferencia Internacional del Trabajo, 101ª Reunión, 2012
250 _a1ª ed
260 _aGinebra
_bOficina Internacional del Trabajo
_c2012
300 _aXXXI, 1123 p.
_c30 cm
_ecorrigéndum (1 h.)
500 _aEn la port., además: Informe III (Parte 1A), informe general y observaciones referidas a ciertos países
500 _aTít. de la cub.: Aplicación de las normas internacionales del trabajo 2012 (I)
541 _cSuscripción conjunta
650 4 _aConvenio de la OIT
_929026
650 4 _aRecomendación de la OIT
_929034
650 4 _aratificación
_929905
650 4 _aaplicación
_929859
650 4 _a2012
_931808
650 4 _ainforme
_928986
653 1 0 _aRelaciones laborales-Empleo
710 2 _aOrganización Internacional del Trabajo
_bComisión de Expertos en Aplicación de Convenios y Recomendaciones
_94723
740 0 2 _aAplicación de las normas internacionales del trabajo 2012 (I)
787 0 _tDocumento informativo sobre ratificaciones y actividades normativas
_w(ES-MaCES)24781
787 0 _tInforme de la Comisión de Expertos en Aplicación de Convenios y Recomendaciones
_w(ES-MaCES)23983
710 2 _94718
_aOrganización Internacional del Trabajo
_eed.
902 _aLIB Libro
942 _2CES
_cBK
_h2.0.
999 _c24782
_d24782